Luxusný trh s diamantmi rastie

Diamanty ako výhodná investícia. Dostupnosť diamantov. Najväčšia ťažba diamantov v Afrike. Certifikácia diamantov. Ťažba diamantov ako lukratívny biznis. Monopol súkromnej spoločnosti De Beers. Využitie diamantov v klenotníctve a na priemyselné účely.

Salvato in:
Dettagli Bibliografici
Autore principale: Driensky, Miroslav
Natura: Capitolo di libro
Lingua:slovacco
Soggetti:
Tags: Aggiungi Tag
Nessun Tag, puoi essere il primo ad aggiungerne!!

MARC

LEADER 00000naa a2200000 4500
001 0127855
005 20231113071023.8
041 0 |a slo 
044 |a SK 
245 1 0 |a Luxusný trh s diamantmi rastie  |c Miroslav Driensky 
520 |a Diamanty ako výhodná investícia. Dostupnosť diamantov. Najväčšia ťažba diamantov v Afrike. Certifikácia diamantov. Ťažba diamantov ako lukratívny biznis. Monopol súkromnej spoločnosti De Beers. Využitie diamantov v klenotníctve a na priemyselné účely. 
610 2 0 |a kovy drahé 
610 2 0 |a kovy vzácne 
610 2 0 |a produkcia 
610 2 0 |a ceny 
610 2 0 |a firmy 
610 2 0 |a certifikácia 
610 2 0 |a Afrika 
100 1 |a Driensky, Miroslav